000 00456nam a2200157Ia 4500
008 210716s2009 xx 000 0 und d
020 _a9788131724705
041 _aeng
082 _a005.1331 LIBJ
100 _aLiberty, Jesse;Rao, Siddhartha;Jones, Bradley.
245 _aSams teach yourself c++:in one hour a day.
_bIn one hour a day.
250 _a1
260 _aNew Delhi
_bPearson Education
_c2009
300 _axxi,857
650 _aC++ Progamming
999 _c193167
_d193167